Responses for Show #3619 - Thursday, May 4, 2000

Contestants

[<< previous game]

Jeff Horn, an office manager from New York City, New York

Jean Kosits, a teacher from River Vale, New Jersey

Dan Felsenheld, a marketing manager from Arlington, Virginia (whose 2-day cash winnings total $13,201)

[next game >>]

Jeopardy! Round responses

20th CENTURY QUOTES
ALL ABOARD THE SOUL TRAIN
WAR STORIES
(Alex: You have to identify the war.)
EUROPE
WEEDS
SEEING "RED"
    $100 1
Dr. Martin Luther King, Jr.

Jeff
    $100 25
(Jeff: What are the '60s?)

1970s

DanJeff
    $100 5
Civil War

Dan
    $100 13
Tricolor

Dan
    $100 10
Pollen

Dan
    $100 18
The Red Baron

Jeff
    $200 2
(Jean: Who is Josef Stalin?)

Mao Tse-tung

JeanJeff
    $200 26
Don Cornelius

Dan
    $200 6
Vietnam War

Dan
    $200 14
Karol Wojtyla (Pope John Paul II)

Dan
    $200 11
(Dan: What is a dandelion?)

Milkweed

DanJeff
    $200 19
Red tape

Jean
    $500 3
(Jeff: Who is Oppenheimer?)

Albert Einstein

Jeff
    $300 27
Elton John

Jeff
    $300 7
World War I

Jeff
    $300 15
Lapland

Jeff
    $300 12
Hemlock

Jean
    $300 21
A red badge of courage

Jeff
    $400 4
George Wallace

Jean
    $400 28
(Dan: What is Jheri Curl?)

Afro Sheen

DanJean
    $400 8
World War II

Jean
    $400 17
Luxembourg

Dan
    $400 24
(Alex: We have a minute to go.)

Lace

Dan
    $400 22
Red River Valley

Jean
    $500 16
Timothy Leary

Jean
    $500 30
(Dan: What is Detroit?)

Chicago

Dan
Triple Stumper
    $500 9
The Revolutionary War

Jeff
    $500 20
(Jean: What is Austria?)

Hungary

Jean
Triple Stumper
    $500 29
Wort

Jean
    $500 23
(Jeff: What is "Red Hot Mama"?)
...
(Alex: There were more of them out there.)

"The Last Of The Red Hot Mamas"

Jeff
Triple Stumper

Scores at the first commercial break (after clue 15):

Dan Jean Jeff
$500 $900 $1,100

Scores at the end of the Jeopardy! Round:

Dan Jean Jeff
$700 $2,400 $1,200

Double Jeopardy! Round responses

PHYSICAL SCIENCE
INITIAL T.V.
(Alex: There will be initials in the correct responses.)
SAINTS BE PRAISED
MR. OR MS. WILLIAMS
AIN'T THAT AMERICA
SOMETHIN' TO "C"
    $200 1
The F.B.I.

Jeff
    $200 7
Gridiron

Dan
    $200 12
Ted Williams

Jeff
    $200 6
(Jeff: What is Nevada?)

Utah (Great Salt Lake)

JeanJeff
    $200 21
Couple

Jean
    $400 2
N.Y.P.D.

Jeff
    $400 17
(Jean: What is Ireland?)

Italy (Mother Cabrini)

Jean
Triple Stumper
    $400 13
Andy Williams

Jeff
    $400 8
Maryland

Dan
    $400 22
Crane

Dan
    $600 27
[The end-of-round signal sounds.]

Quantum

Triple Stumper
    $600 3
L.A. Law

Triple Stumper
    $600 18
Saint Patrick

Jeff
    $1,600 14
Hank Williams, Sr.

Jeff
    $600 9
(Jeff: What is Illinois?)
(Jean: What is New York?)
(Dan: What is Chicago?)

Missouri (St. Louis)

DanJeanJeff
Triple Stumper
    $600 23
Capitalism

Jeff
    $800 25
Work

Jeff
    $800 4
C.P.O. Sharkey

Dan
    $800 19
(Dan: Who was Nicholas?)

Ivan the Terrible

Dan
Triple Stumper
    $800 15
Esther Williams

Jean
    $500 10
Georgia

Dan
    $1000 26
Chemical reactions

Dan
    $1000 5
U.N.C.L.E. (United Network Command for Law and Enforcement)

Jeff
    $1000 20
(Alex: Minute to go.)

Saint Augustine

Jean
    $1000 16
(Jeff: Who is Cathie Lee Williams?)

Vanessa Williams

Jeff
Triple Stumper
    $1000 11
(Jean: What is Pennsylvania?)

Tennessee

Jean
Triple Stumper
    $1000 24
(Dan: Who is Caesar?)
(Jean: Who is Claudius?)

Caligula

DanJean
Triple Stumper

Scores at the end of the Double Jeopardy! Round:

Dan Jean Jeff
$1,600 $1,600 $5,200
(lock game)

[wagering suggestions for these scores]

Final Jeopardy! Round responses

FILM CLASSICS
[Dan's response was revealed first.]
DanWhat is Casablanca?
$0
JeanWhat is The African Queen?
$1,599
JeffWhat is Casablanca?
$1,999
The African Queen (Humphrey Bogart & Katharine Hepburn)

Final scores:

Dan Jean Jeff
$1,600 $3,199 $3,201
3rd place: Dooney & Bourke Leather Goods 2nd place: Trip to Bahamia Resort on Grand Bahama Island New champion: $3,201

Game dynamics:

Coryat scores:

Dan Jean Jeff
$1,900 $1,600 $4,700
15 R
(including 1 DD),
6 W
12 R,
6 W
18 R
(including 1 DD),
6 W
(including 1 DD)

Combined Coryat: $8,200

[game clues] [game scores] [suggest correction]

Game tape date: 2000-02-15
The J! Archive is created by fans, for fans. Scraping, republication, monetization, and malicious use prohibited; this site may use cookies and collect identifying information. See terms. The Jeopardy! game show and all elements thereof, including but not limited to copyright and trademark thereto, are the property of Jeopardy Productions, Inc. and are protected under law. This website is not affiliated with, sponsored by, or operated by Jeopardy Productions, Inc. Join the discussion at JBoard.tv.